Wordt geladen...

Achente kuttikkalam

Bibliografische gegevens
Hoofdauteur: Raskin,Alexander
Andere auteurs: TR by Sarath Mannur
Formaat: Printed Book
Taal:Undetermined
Gepubliceerd in: Progress publications, 2016
Onderwerpen:
LEADER 00508nam a2200157Ia 4500
008 200324s9999 xx 000 0 und d
082 |a 808.068  |b RAS-A 
100 |a Raskin,Alexander 
245 0 |a Achente kuttikkalam 
260 |b Progress publications,  |c 2016 
300 |a 119p. 
650 |a Childrens literature 
700 |a TR by Sarath Mannur 
942 |c BK 
999 |c 287691  |d 287691 
952 |0 0  |1 0  |4 0  |6 808_068000000000000_RASA  |7 0  |9 306228  |a SDE  |b SDE  |d 2018-10-30  |l 0  |o 808.068 RAS-A  |p SDE23656  |r 2020-03-27  |w 2020-03-27  |y BK